| 000 | 00391nam a22001571a 4500 | ||
|---|---|---|---|
| 020 | _a9788188457618 | ||
| 082 |
_aH3 _bCHI/T |
||
| 100 | _aChitra Mudgal | ||
| 245 |
_aTehakhano mein bund aksh/ _cby Chitra Mudgal |
||
| 260 |
_aNew Delhi: _bKalyani Shiksha Parishad, _c2012. |
||
| 300 | _a208p. | ||
| 650 | _aNovel Hindi | ||
| 650 | _aLiterature Hindi | ||
| 650 | _aLiterature | ||
| 942 | _cBK | ||
| 999 |
_c46329 _d46329 |
||